01743cam a22003375a 4500999001700000003000900017005001700026008004100043020001500084040004300099082002900142100005000171245035300221264005700574300002900631336002600660337003500686338002900721500003600750504006300786590001100849650007400860650008200934650007901016653002201095655001701117700008201134700005101216942001201267952012601279 c16682d16682EG-ScBUE20200118110523.0120307s2003 ua f b 001 0 ara d a9772415264 aEG-ScBUEbaraerdacEG-ScBUEdEG-ScBUE04a892.709962bم ص ط2221 aمصطفى، محمود،eمؤلف.92924112aالأدب العربي في مصر :bمن الفتح الإسلامي إلى نهاية العصر الأيوبي /cتأليف محمود مصطفى ؛ قدم له العلامة محمد عبد المنعم خفاجي ؛ دققه وعلق عليه وفهرسه حسن نجار محمد، من أبناء الأزهر الشريف. 1aالقاهرة :bمكتبة الآداب،c2003. a392 صفحة ؛c24 سم 2rdacontentaنصbtxt 2rdamediaaبدون وسيطbn 2rdacarrieraمجلدbnc aيشتمل على كشافات. aيشتمل على إرجاعات ببليوجرافية. abasant 7aالأدب العربيzمصرxتاريخ ونقد.2BUEsh914987 7aالأدب العربيxتاريخyعصر صدر الإسلام.2BUEsh 7aالأدب العربيxتاريخyالعصر الأيوبي.2BUEsh cMarch2012bARALIT vReading book1 aخفاجي، محمد عبد المنعم،‏d1915-2006،eمقدم.9138341 aمحمد، حسن نجار،eمدقق.929709 2ddccBB 00102ddc40708Alef-BaaaMAINbMAINc2NDd2012-04-23ePurchaseo892.709962 م ص طp000026684r2025-07-15 00:00:00yBB